| 000 | 00479nam a22001457a 4500 | ||
|---|---|---|---|
| 003 | MACL | ||
| 005 | 20200723122805.0 | ||
| 008 | 200723b xxu||||| |||| 00| 0 eng d | ||
| 040 | _cMACL | ||
| 100 |
_aवर्मा,गींडाराम _979215 |
||
| 245 | _aराजस्थान का लोक संगीत | ||
| 260 |
_aजोधपुर _bभारतीय लोककला मण्डल _c2019 |
||
| 650 |
_aसंगीत _979216 |
||
| 942 |
_2ddc _cHIN |
||
| 999 |
_c62799 _d62799 |
||